000 02647cam a22005654i 4500
003 PE-LiUPU
005 20250731165533.0
008 150625s1994 sp a r 000 0 spa d
020 _a8476152418
020 _a9788476152416
035 _a(Sirsi) a30649
040 _aPE-LiUPU
_bspa
_cPE-LiUPU
_dPE-LiUPU
_erda
082 0 4 _a020.642
_bA35
_221
082 0 4 _a020.642
_bA35 1994
100 1 _aAlcalde Lancharro, Eduardo,
_eautor.
245 1 0 _aInformática básica /
_cEduardo Alcalde Lancharro, Miguel García López, Salvador Peñuelas Fernandez.
250 _aSegunda edición.
264 1 _aMadrid, España :
_bLavel,
_c1994.
300 _axiv, 393 páginas :
_bilustraciones ;
_c21 centímetros.
336 _atext
_2rdacontent
337 _aunmediated
_2rdamedia
338 _avolume
_2rdacarrier
490 0 _aInformática de Gestión
504 _aBibliografía: páginas 383-384.
505 0 _aIntroducción a la Informática -- La Información y su representación -- Unidades Funcionales de la computadora -- Soportes de la información y unidades de entrada/salida -- La programación de computadoras -- Archivos y bases de datos -- Sistemas operativos y traductores -- Teleinformática -- Organización de servicios informáticos -- Las computadoras de la quinta generación. Inteligencia artificial -- Software estándar y software a medida -- Computadora y sociedad.
526 _aSEG44
526 _aSEG26
526 _aP151
526 _aP150
526 _aP149
526 _aP146
526 _aP145
526 _aP126
526 _aP125
526 _aP92
526 _aP75
526 _aP74
526 _aP27
526 _aP15
910 _btqv
_crnzj
_d20161012
942 _2ddc
_cBOOK
949 _a020.642 A35
_wDEWEY
_c1
_i32119
_lCCODEBUL1
_mBUL
_p00.00
_r0
_sY
_tBOOK
_u2015-06-25
_xBIBLIOTECA
_zUNKNOWN
_0COMPRA
_o.STAFF. Colección Ciencias Empresariales
949 _a020.642 A35 1994
_wDEWEY
_c1
_iFJ02801
_lCCODEBUJ1
_mBUJ
_p10.00
_r0
_sY
_tBOOK
_u2016-10-12
_xINGENIERÍA
_PP27
_0COMPRA
_o.STAFF. Colección General Juliaca
994 _aC0
_bPEPRU
596 _a1 3
999 _a020.642 A35
_wDEWEY
_c38116
_i32119
_d38116
_e2017-9-14
_f2021-11-4
_g7
_lCCODEBUL1
_mBUL
_n3
_p10.00
_r0
_sY
_tBOOK
_u2015-6-25
_xBIBLIOTECA
_zINFORMATIC
_0COMPRA
_o.STAFF. Colección Ciencias Empresariales
999 _a020.642 A35 1994
_wDEWEY
_c1
_iFJ02801
_d2018-8-21
_f2021-12-27
_g4
_lCCODEBUJ1
_mBUJ
_p10.00
_q1
_r0
_sY
_tBOOK
_u2016-10-12
_xINGENIERIA
_PP27
_0COMPRA
_o.STAFF. Colección General Juliaca
980 _81
_gALBERTO SANCHEZ Responsable de Automatización